00792 2200265 4500001002100000005001500021020001800036035002400054040001200078082002300090084002300113090002300136100002000159245012200179250001100301260002700312300004400339500003100383650003200414700001700446850001200463990001700475990001700492990001700509YOGYA00000000010669520140823134746 a979-3381-72-8 0010-061400000000048 aYOPDYOG 2[22]a305.89510598 a305.89510598 Blu P a305.89510598 Blu P aBLUSSE, LEONARD aPersekutuaN anehb: pemukim Cina, wanita peranak dan Belanda di Batavia VOCc/ Leonard Blusse ; editor, Abdur Rozaki. aCet.1. aYogyakartabLKiSc2004 axx, 532 hlm.b: ilus.c; 20 cm (3 eks.) aBibliografi : hlm. 511-526 aEtnis Tionghoa di Indonesia aAbdul Rozaki aYOPDYOG a7594/PD.2014 a7595/PD.2014 a7596/PD.2014